Formule 1 - Signes astrologiques des pilotes de 2025 - Statistiques

Statistiques générales
  • Ce quiz a été pris 50 fois
    29 depuis la dernière actualisation
  • Le résultat moyen est 11 sur 21
Statistiques - réponses
Hint Réponse % Correct
Lewis Hamilton Capricorne
76%
Lando Norris Scorpion
71%
Gabriel Bortoleto Balance
65%
Ollie Bearman Taureau
65%
Alex Albon Bélier
53%
Oscar Piastri Bélier
53%
Fernando Alonso Lion
53%
Yuki Tsunoda Taureau
53%
Pierre Gasly Verseau
53%
Andrea Kimi Antonelli Vierge
53%
Esteban Ocon Vierge
53%
Carlos Sainz Jr. Vierge
53%
Isack Hadjar Balance
47%
Nico Hülkenberg Lion
47%
Charles Leclerc Balance
41%
Max Verstappen Balance
41%
Jack Doohan Capricorne
41%
Lance Stroll Scorpion
41%
Liam Lawson Verseau
41%
George Russell Verseau
41%
Franco Colapinto Gémeaux
35%
Aucun quiz correspondant
Distribution des résultats
% des personnes avec chaque résultat
Percentile par nombre de réponses
Votre historique - résultats
Vous n’avez pas pris ce quiz depuis la dernière actualisation